000 00668nam a22002297a 4500
003 UA-OsUOA
001 88290
007 ta
008 20121003b un ||||| |||| 00| 0 ukr d
100 _aБолдижар М. М.
090 _a27
_bБ79
942 _cBK
040 _aUA-OsUOA
_bukr
_cUA-OsUOA
_dUA-OsUOA
245 _aУніатство: правда історії та вигадки фальсифікаторів
300 _a141 с.
955 _a1
041 _aukr
080 _a27
260 _aЛьвів
_bВища школа
_c1988
650 7 _a27 Загальна історія Християнської церкви
_2UDC
999 _c374250
_d374250